Karşılaştırmalı siyaset temel konular ve yaklaşımlar (Record no. 9750)

MARC details
000 -BAŞLIK
Sabit Uzunlukta Kontrol Alanı 00989na a2200301 4500
001 - KONTROL NUMARASI
Denetim Alanı 13764
003 - KONTROL NUMARASI IDENTIFIER
Denetim Alanı MIRAKIL
005 - SON İŞLEM TARİHİ VE ZAMANI
Denetim Alanı 20181213155255.0
008 - SABİT-BOY VERİ ELEMANLARI - GENEL BİLGİLER
Sabit Uzunlukta Kontrol Alanı 161031b tu 000 0
020 ## - ULUSLARARASI STANDART KİTAP NUMARASI
Uluslararası Standart Kitap Numarası 9786053992783
035 ## - SİSTEM KONTROL NUMARASI
Sistem Kontrol Numarası 13764
040 ## - KATALOGLAMA KAYNAK
Orijinal Kataloglama Ajansı Milas
Kataloglama Dili tur
Metne Dönüştürmek Ajansı TR-AnCHP
041 ## - DİL KODU
Metin / Ses Parça Veya Ayrı Başlığın Dil Kodu tur
082 ## - DEWEY ONLU SINIFLANDIRMA NUMARASI
Sınıflandırma Numarası 320.3
Ürün Numarası K26ş 2013
090 ## - SINIFLAMA NUMARASI
Sınıflama Numarası 320.3 K26ş 2013
245 ## - BAŞLIK TABLOSU
Başlık Karşılaştırmalı siyaset temel konular ve yaklaşımlar
Sorumluluk Tablosu, Vb derleyenler; Sabri Sayarı, Hasret Dikici Bilgin
260 ## - YAYIN, DAĞITIM, VB
Yayın, Dağıtım, Vb Yeri İstanbul
Yayıncı, Dağıtıcı, Vs Adı İstanbul Bilgi Üniversitesi Yayınları
Yayın, Dağıtım, Vb Tarihi 2013
300 ## - FİZİKSEL TANIM
Kapsam xvii, 240 s.
Diğer Fiziksel Ayrıntıları fotg. ; tbl.
Boyutlar 23 sm.
490 ## - SERİSİ TABLOSU
Seri Beyanı İstanbul Bilgi Üniversitesi yayınları
Hacim / Ardışık Tanımı 439
490 ## - SERİSİ TABLOSU
Seri Beyanı Siyaset bilimi
Hacim / Ardışık Tanımı 48
504 ## - KAYNAKÇA VB NOT
Kaynakça Vb Notu Kaynakça var.
650 ## - KONU KATMA GİRİŞ - TOPİKAL DÖNEM
Topikal Süreli Veya Coğrafi Ad Giriş Elemanı Siyaset bilimi
Genel Alt Bölümü Araştırma ve öğretim
650 ## - KONU KATMA GİRİŞ - TOPİKAL DÖNEM
Topikal Süreli Veya Coğrafi Ad Giriş Elemanı Karşılaştırmalı yönetim
650 ## - KONU KATMA GİRİŞ - TOPİKAL DÖNEM
Topikal Süreli Veya Coğrafi Ad Giriş Elemanı Siyaset ve yönetim
Genel Alt Bölümü Araştırma ve öğretim
700 ## - KATMA GİRİŞ - KİŞİSEL İSİM
Kişisel Ad Sayarı, Sabri
700 ## - KATMA GİRİŞ - KİŞİSEL İSİM
Kişisel Ad Bilgin, Hasret Dikici
942 ## - EKLENDİ GİRİŞ ELEMANLARI (KOHA)
Sınıflandırma Veya Raf Düzeni Kaynak Dewey Decimal Classification
Koha Öğesi Türü Books
999 ## - SİSTEM KONTROL NUMARALARI (KOHA)
Koha Biblionumber 9750
Koha Biblioitemnumber 9750
Holdings
Kalıcı Konum Mevcut Konum Edinme Tarihi Edinim Kaynak Toplam Check-Out'Lar Tam Çağrı Numarası Barkod Tarih Son Görülme İtibaren Geçerli Fiyatlar Koha Öğesi Türü
CHP Kütüphanesi CHP Kütüphanesi 08/16/2016 Bağış   320.3 K26ş 2013 001047 08/16/2016 08/16/2016 Books